Statistics for World City Skylines Quiz (Medium)

Click here to take the quiz!

General Stats

  • This quiz has been taken 75 times
  • The average score is 5 of 15

Answer Stats

Answer% Correct
Rome
75%
Doha
73%
Berlin
64%
Santiago
53%
Sao Paulo
39%
Panama City
37%
Melbourne
31%
Beijing
31%
Houston
29%
Rotterdam
27%
Vatican City
25%
Mumbai
19%
Bangkok
15%
Calgary
14%
Cape Town
12%

Score Distribution

Percentile by Number Answered

Percent of People with Each Score

Your Score History

You have not taken this quiz